[Event "AUT98_M-ch"]
[Site "Werfen"]
[Date "1998.08.11"]
[Round "4.17"]
[White "Mahdy, Khaled"]
[Black "Raffalt, Manfred"]
[Result "0-1"]
[WhiteElo "2365"]
[BlackElo "2180"]
[PlyCount "80"]
[EventDate "1998.08.15"]

1. e4 e6 2. d4 d5 3. Nc3 Bb4 4. exd5 exd5 5. Nf3 Nc6 6. Bd3 Bg4 7. O-O Nxd4 8.
Qe1+ Ne6 9. Ne5 Bh5 10. a3 Bc5 11. Kh1 Nf6 12. f4 O-O 13. f5 Nd4 14. Qh4 Re8
15. Bf4 Bd6 16. Rae1 c5 17. Bg3 Qc7 18. Nxd5 Nxd5 19. f6 g6 20. c3 Rxe5 21.
Bxe5 Bxe5 22. cxd4 Bxd4 23. Bc4 Qd6 24. Qe4 Nxf6 25. Qxb7 Rf8 26. Qe7 Qxe7 27.
Rxe7 a5 28. b3 g5 29. h3 Bg6 30. Ra7 Ne4 31. Kh2 Be5+ 32. Kg1 Bd4+ 33. Kh2 h5
34. Rxa5 g4 35. g3 Nd2 36. Rc1 Nxc4 37. bxc4 Re8 38. hxg4 hxg4 39. Kg2 Re2+ 40.
Kf1 Rh2 0-1

[Event "AUT98_M-ch"]
[Site "Werfen"]
[Date "1998.08.11"]
[Round "4.18"]
[White "Titz, Heimo"]
[Black "Neihs, Harald"]
[Result "1-0"]
[WhiteElo "2310"]
[BlackElo "2180"]
[PlyCount "123"]
[EventDate "1998.08.15"]

1. c4 e6 2. Nf3 d5 3. d4 f5 4. g3 c6 5. Bg2 Bd6 6. O-O Nf6 7. b3 Qe7 8. Bb2 O-O
9. Nbd2 b6 10. Ne5 Bb7 11. Ndf3 Nbd7 12. Rc1 a5 13. a4 Rac8 14. Rc2 Ne4 15. Qa1
Ndf6 16. Rfc1 Ng4 17. Nd3 c5 18. h3 Nexf2 19. Nxf2 Ne3 20. dxc5 bxc5 21. Be5
Nxc2 22. Rxc2 d4 23. Nd3 Be4 24. Rb2 Qc7 25. Qe1 Bxf3 26. exf3 Bxe5 27. Qxe5
Qxe5 28. Nxe5 Rfd8 29. Kf2 Rd6 30. f4 g6 31. Bf3 Kg7 32. Bd1 Kf6 33. Re2 Rc7
34. Nd3 Rd8 35. Re5 Rdc8 36. g4 h6 37. Kg3 Ke7 38. h4 Kd6 39. h5 Rg7 40. hxg6
Rxg6 41. Kh4 fxg4 42. Bxg4 Rf6 43. f5 exf5 44. Bxf5 Rc7 45. Rd5+ Ke7 46. Nxc5
Rd6 47. Re5+ Kf6 48. Nd3 Rb6 49. Kg4 h5+ 50. Kf4 Rxb3 51. Rxa5 Ra3 52. Ra6+ Ke7
53. c5 h4 54. Rh6 Rxa4 55. Rh5 Rc6 56. Rh7+ Kd8 57. Ke5 Ra3 58. Kxd4 Rf6 59.
Be4 Re6 60. Ne5 Ra5 61. Nc6+ Rxc6 62. Bxc6 1-0

[Event "AUT98_M-ch"]
[Site "Werfen"]
[Date "1998.08.11"]
[Round "4.19"]
[White "Rolletschek, Heinrich "]
[Black "Waldmann, Gerald"]
[Result "1-0"]
[WhiteElo "2300"]
[BlackElo "2175"]
[PlyCount "111"]
[EventDate "1998.08.15"]

1. e4 e6 2. d3 d5 3. Nd2 Nf6 4. Ngf3 Nc6 5. g3 dxe4 6. dxe4 e5 7. Bg2 Bc5 8.
O-O O-O 9. Qe2 Qe7 10. c3 a5 11. Nb3 Bb6 12. a4 Be6 13. Nbd2 Nd7 14. Nc4 f6 15.
Rd1 Rfd8 16. Bf1 Bc5 17. Qc2 Qf7 18. b3 Nb6 19. Nfd2 Nxc4 20. Bxc4 Bxc4 21.
Nxc4 Rxd1+ 22. Qxd1 Rd8 23. Qe2 Qd7 24. Kg2 Qd3 25. Qxd3 Rxd3 26. Bd2 Kf7 27.
Kf1 Ke6 28. Ke2 Rd7 29. g4 g6 30. Rg1 b6 31. Rg3 Rf7 32. Rh3 Ne7 33. Nb2 Nc6
34. Nd3 Bd6 35. Be3 Nd8 36. Nb2 Nb7 37. Nd3 Kd7 38. Rf3 Ke6 39. Rg3 Rf8 40. h4
Rf7 41. h5 g5 42. Rg1 Kd7 43. Kd2 Kc6 44. Kc2 Rf8 45. Rd1 Rd8 46. f3 Rd7 47. b4
Re7 48. Kb3 h6 49. Nb2 Re8 50. Nc4 axb4 51. cxb4 Ra8 52. b5+ Kd7 53. Bxb6 Ke6
54. Nxd6 cxd6 55. Rc1 Kd7 56. Rc7+ 1-0

[Event "AUT98_M-ch"]
[Site "Werfen"]
[Date "1998.08.11"]
[Round "4.20"]
[White "Stichlberger, Martin "]
[Black "Posch, Werner"]
[Result "0-1"]
[WhiteElo "2113"]
[BlackElo "2295"]
[PlyCount "82"]
[EventDate "1998.08.15"]

1. Nc3 d5 2. e4 Nf6 3. e5 Ne4 4. Nce2 d4 5. d3 Nc5 6. f4 Nc6 7. Nf3 Bg4 8. Ng3
g6 9. Be2 Bxf3 10. Bxf3 Qd7 11. Bd2 Bg7 12. O-O O-O 13. b4 Na4 14. b5 Nb8 15.
Qb1 a6 16. bxa6 Rxa6 17. Ne4 Rb6 18. Qc1 f6 19. exf6 exf6 20. Rb1 f5 21. Nf2
Rff6 22. Rb3 Nc5 23. Ra3 Ra6 24. Re1 Bf8 25. Ra5 Rxa5 26. Bxa5 Ra6 27. Bb4 Rxa2
28. Re5 Ne6 29. Bd5 Ra6 30. Bxf8 Kxf8 31. Bc4 Rb6 32. g3 Kg7 33. Qe1 Kf6 34. g4
Nxf4 35. Ne4+ fxe4 36. g5+ Kg7 37. Qh4 Rb1+ 38. Kf2 e3+ 39. Kg3 Nh5+ 40. Kf3
Rf1+ 41. Ke2 Rf4 0-1

[Event "AUT98_M-ch"]
[Site "Werfen"]
[Date "1998.08.11"]
[Round "4.21"]
[White "Pilaj, Herwig"]
[Black "Hinteregger, Arthur"]
[Result "0-1"]
[WhiteElo "2215"]
[BlackElo "2160"]
[PlyCount "67"]
[EventDate "1998.08.15"]

1. e4 e6 2. d3 d5 3. Nd2 g6 4. Ngf3 Bg7 5. g3 Nf6 6. Bg2 O-O 7. O-O c5 8. Re1
Nc6 9. a3 Qc7 10. Rb1 a5 11. Nf1 b5 12. Qe2 b4 13. axb4 axb4 14. e5 Nd7 15. Bf4
Ba6 16. h4 c4 17. d4 c3 18. Qd1 cxb2 19. Ne3 Qa5 20. h5 Qa3 21. hxg6 hxg6 22.
Ng5 Rfc8 23. Qg4 Nf8 24. Nxd5 exd5 25. Bxd5 Nd8 26. Bxa8 Rxa8 27. d5 Bc8 28.
Qh4 Bf5 29. Ne4 Bxe4 30. Rxe4 Qc3 31. Ree1 Ra1 32. e6 Qxe1+ 33. Rxe1 Rxe1+ 34.
Kg2 0-1

[Event "AUT98_M-ch"]
[Site "Werfen"]
[Date "1998.08.11"]
[Round "4.22"]
[White "Wiedner, Robert"]
[Black "Hansen, Kay "]
[Result "0-1"]
[WhiteElo "2190"]
[BlackElo "2120"]
[PlyCount "105"]
[EventDate "1998.08.15"]

1. c4 c6 2. e3 Nf6 3. b3 d5 4. Ba3 g6 5. Nf3 Bg7 6. d4 O-O 7. Bd3 Re8 8. O-O
Bf5 9. Bxf5 gxf5 10. Qc2 e6 11. Ne5 Nbd7 12. Nd3 Rc8 13. Nd2 Ne4 14. Rac1 Qa5
15. Bb4 Qd8 16. f3 Nxd2 17. Qxd2 Nf6 18. Qf2 a5 19. Bd2 Ra8 20. a4 Qb6 21. Rb1
Red8 22. c5 Qa6 23. Nf4 b5 24. b4 axb4 25. axb5 cxb5 26. Rxb4 Rdb8 27. Rfb1 Rb7
28. Qe2 Rab8 29. Be1 Nd7 30. Nh5 Bh8 31. Bg3 e5 32. dxe5 Bxe5 33. Qd3 Qe6 34.
c6 Qxc6 35. Bxe5 Nxe5 36. Qxf5 Qe6 37. Qg5+ Ng6 38. Nf6+ Kg7 39. Rh4 Rh8 40.
Nh5+ Kf8 41. Rd4 f5 42. Rc1 h6 43. Qd8+ Kf7 44. Qxd5 Qxd5 45. Rxd5 Ne7 46. Rd6
Rc8 47. Rxc8 Nxc8 48. Rxh6 Ne7 49. Rf6+ Kg8 50. Rd6 b4 51. Nf6+ Kf7 52. Rd7 Rb5
53. e4 0-1

[Event "AUT98_M-ch"]
[Site "Werfen"]
[Date "1998.08.11"]
[Round "4.23"]
[White "Obermayr, Hermann"]
[Black "Petschar, Kurt"]
[Result "0-1"]
[WhiteElo "2160"]
[BlackElo "2260"]
[PlyCount "82"]
[EventDate "1998.08.15"]

1. d4 d5 2. Nf3 Nf6 3. Bf4 c5 4. e3 Nc6 5. c3 Qb6 6. Qc2 Bg4 7. Nbd2 e6 8. Be2
Be7 9. h3 Bh5 10. a3 Rc8 11. Qb1 Bg6 12. dxc5 Bxc5 13. Qa2 Ne4 14. Nxe4 Bxe4
15. O-O a5 16. b4 Be7 17. b5 Nb8 18. Nd2 Nd7 19. Nxe4 dxe4 20. Rfd1 Nc5 21. Be5
O-O 22. a4 Bf6 23. Bd4 Qc7 24. Qc4 b6 25. Rac1 Qb7 26. Qa2 Be7 27. c4 f5 28.
Bxc5 Bxc5 29. Qd2 Qc7 30. Qd7 Qe5 31. Qd2 f4 32. Bg4 Rce8 33. Qc3 Qg5 34. Rd7
fxe3 35. Bh5 exf2+ 36. Kf1 Re7 37. Rxe7 Bxe7 38. Bg4 Bb4 39. Qc2 Qe3 40. Be2
Qf4 41. Bg4 Qh2 0-1

[Event "AUT98_M-ch"]
[Site "Werfen"]
[Date "1998.08.11"]
[Round "4.24"]
[White "Wersching, Alfred"]
[Black "Steiner, Bruno"]
[Result "1/2-1/2"]
[WhiteElo "2100"]
[BlackElo "2185"]
[PlyCount "83"]
[EventDate "1998.08.15"]

1. d4 d5 2. c4 c6 3. cxd5 cxd5 4. Nc3 Nf6 5. Nf3 Nc6 6. Bf4 Bf5 7. e3 e6 8. Bb5
Nd7 9. O-O Rc8 10. Qb3 Be7 11. Rfc1 O-O 12. Bxc6 bxc6 13. Qb7 g5 14. Bg3 h5 15.
h3 g4 16. hxg4 hxg4 17. Ne5 Nxe5 18. Bxe5 Bd6 19. Bxd6 Qxd6 20. Qxa7 Kg7 21.
Qc5 Qd8 22. e4 Bg6 23. Re1 Rh8 24. Kf1 Rh7 25. Rad1 g3 26. Re3 Rh1+ 27. Ke2
Rxd1 28. Nxd1 gxf2 29. Nxf2 Qg5 30. a4 Qf4 31. exd5 exd5 32. Qc3 c5 33. Re7 Rb8
34. b3 cxd4 35. Qc7 d3+ 36. Nxd3 Qg4+ 37. Kd2 Qg5+ 38. Nf4 Rc8 39. Qe5+ Qxe5
40. Rxe5 Rc2+ 41. Ke3 Rxg2 42. Nxg6 1/2-1/2

[Event "AUT98_M-ch"]
[Site "Werfen"]
[Date "1998.08.11"]
[Round "4.26"]
[White "Steinermayr, Thomas"]
[Black "Neuschmied, Siegfried"]
[Result "0-1"]
[WhiteElo "2220"]
[BlackElo "2200"]
[PlyCount "65"]
[EventDate "1998.08.15"]

1. e4 d6 2. d4 Nf6 3. Nc3 g6 4. Be3 c6 5. f3 b5 6. Qd2 Nbd7 7. g4 Nb6 8. b3 Bb7
9. a3 a6 10. g5 Nfd7 11. h4 Qc7 12. h5 Rg8 13. Bh3 e6 14. f4 O-O-O 15. O-O-O d5
16. f5 Bxa3+ 17. Kb1 exf5 18. exf5 Kb8 19. fxg6 fxg6 20. Nge2 Ka8 21. Nf4 Qd6
22. Ne6 Nc4 23. Qd3 Nxe3 24. Qxe3 Rde8 25. Ne2 c5 26. N2f4 Kb8 27. Bg4 cxd4 28.
Qxd4 Ne5 29. Bh3 gxh5 30. Bf5 Nf3 31. Qc3 Nxg5 32. Nxg5 Rxg5 33. Ne6 0-1

[Event "AUT98_M-ch"]
[Site "Werfen"]
[Date "1998.08.12"]
[Round "5.1"]
[White "Stanec, Nikolaus"]
[Black "Kwatschewsky, Leo "]
[Result "1/2-1/2"]
[WhiteElo "2495"]
[BlackElo "2275"]
[PlyCount "53"]
[EventDate "1998.08.15"]

1. c4 c6 2. d4 d5 3. Nf3 Nf6 4. Nc3 e6 5. Bg5 h6 6. Bxf6 Qxf6 7. e3 Nd7 8. Bd3
Qd8 9. O-O Bd6 10. e4 dxc4 11. Bxc4 e5 12. dxe5 Bxe5 13. Qe2 O-O 14. Nxe5 Nxe5
15. Bb3 Be6 16. Bxe6 fxe6 17. f4 Nd3 18. g3 Qd4+ 19. Kh1 Rad8 20. e5 c5 21.
Rab1 c4 22. Qg2 Rd7 23. h4 a6 24. a4 Kh8 25. Kh2 Rdf7 26. Qe4 Qc5 27. Kg2
1/2-1/2

[Event "AUT98_M-ch"]
[Site "Werfen"]
[Date "1998.08.12"]
[Round "5.2"]
[White "Schroll, Gerhard"]
[Black "Danner, Georg"]
[Result "0-1"]
[WhiteElo "2400"]
[BlackElo "2340"]
[PlyCount "72"]
[EventDate "1998.08.15"]

1. d4 Nf6 2. c4 e6 3. Nf3 c5 4. d5 exd5 5. cxd5 d6 6. Nc3 g6 7. Bf4 a6 8. a4
Qe7 9. e3 Bg4 10. Be2 Bg7 11. Qb3 O-O 12. h3 Bxf3 13. Bxf3 Qc7 14. O-O Nbd7 15.
Nb1 Rfe8 16. Nd2 Ne5 17. Be2 Rac8 18. Rfc1 Nfd7 19. a5 Rb8 20. Qc2 Nf6 21. e4
h6 22. b4 Nfd7 23. Ra3 b5 24. axb6 Rxb6 25. bxc5 Nxc5 26. Nb3 Ned7 27. Be3 Qb8
28. Nxc5 Nxc5 29. Bxc5 dxc5 30. Ra2 Bd4 31. Rf1 Qf4 32. Bf3 Be5 33. Rd1 Reb8
34. Qxc5 Rb1 35. Qe3 Qh2+ 36. Kf1 Qh1+ 0-1

[Event "AUT98_M-ch"]
[Site "Werfen"]
[Date "1998.08.12"]
[Round "5.3"]
[White "Wach, Markus"]
[Black "Casagrande, Harald"]
[Result "1-0"]
[WhiteElo "2395"]
[BlackElo "2360"]
[PlyCount "65"]
[EventDate "1998.08.15"]

1. e4 d5 2. exd5 Nf6 3. c4 c6 4. d4 cxd5 5. Nc3 Nc6 6. Bg5 e6 7. Nf3 dxc4 8.
Bxc4 Be7 9. O-O O-O 10. Rc1 a6 11. Bd3 Nb4 12. Bb1 b5 13. a3 Nbd5 14. Qd3 g6
15. Bh6 Re8 16. Ne5 Bb7 17. Rfe1 Nxc3 18. Rxc3 Qd5 19. Qh3 Qxd4 20. Nxf7 Ng4
21. Rf1 Nxh6 22. Nxh6+ Kg7 23. Ng4 h5 24. Ne3 Rac8 25. Qxe6 Bf6 26. Rc7+ Rxc7
27. Qxe8 Rf7 28. Ba2 Rf8 29. Qe6 Bc8 30. Qc6 Qxb2 31. Qc7+ Kh6 32. Bb1 Qxa3 33.
Qg3 1-0

[Event "AUT98_M-ch"]
[Site "Werfen"]
[Date "1998.08.12"]
[Round "5.4"]
[White "Zoister, Stefan"]
[Black "Weiss, Christian"]
[Result "0-1"]
[WhiteElo "2105"]
[BlackElo "2370"]
[PlyCount "70"]
[EventDate "1998.08.15"]

1. e4 c6 2. d4 d5 3. Nc3 dxe4 4. Nxe4 Bf5 5. Ng3 Bg6 6. Nf3 e6 7. h4 h6 8. h5
Bh7 9. Bd3 Bxd3 10. Qxd3 Nd7 11. Bd2 Ngf6 12. O-O-O Bd6 13. Ne4 Nxe4 14. Qxe4
Nf6 15. Qe2 Qb6 16. c4 Qa6 17. Kb1 b5 18. c5 Bc7 19. Ne5 Rg8 20. Rh3 Bxe5 21.
Qxe5 Qb7 22. Rg3 O-O-O 23. Rxg7 Rxg7 24. Bxh6 Rxg2 25. Qxf6 Rd5 26. Qh8+ Kd7
27. Qf8 Rxf2 28. Bg7 Qc8 29. Qxc8+ Kxc8 30. Rg1 Rdf5 31. h6 Rf1+ 32. Rxf1 Rxf1+
33. Kc2 Rh1 34. Kd3 Kd7 35. Ke4 f6 0-1

[Event "AUT98_M-ch"]
[Site "Werfen"]
[Date "1998.08.12"]
[Round "5.5"]
[White "Baumegger, Siegfried"]
[Black "Hardt, Christian"]
[Result "1-0"]
[WhiteElo "2360"]
[BlackElo "2135"]
[PlyCount "69"]
[EventDate "1998.08.15"]

1. Nf3 Nf6 2. c4 g6 3. Nc3 Bg7 4. g3 O-O 5. Bg2 d6 6. O-O e5 7. d3 a5 8. Rb1
Bd7 9. Ne1 Bc6 10. e4 Nfd7 11. Nc2 f5 12. d4 Nf6 13. dxe5 dxe5 14. Qe2 Nxe4 15.
Nxe4 Bxe4 16. Bxe4 fxe4 17. Qxe4 Nc6 18. b3 Qd7 19. Bb2 Rad8 20. Ne3 Qd2 21.
Nd5 Rf7 22. Bc3 Qg5 23. Rbd1 Rdf8 24. f3 Nd4 25. Bxd4 exd4 26. f4 Qf5 27. Ne7+
Rxe7 28. Qxe7 Qc2 29. Qxc7 Re8 30. Rde1 Re2 31. Rxe2 Qxe2 32. Qd8+ Kf7 33. Qd5+
Kf8 34. Qf3 Qxa2 35. f5 1-0

[Event "AUT98_M-ch"]
[Site "Werfen"]
[Date "1998.08.12"]
[Round "5.6"]
[White "Brandner, Stefan"]
[Black "Schneider-Zinner, Harald"]
[Result "1-0"]
[WhiteElo "2340"]
[BlackElo "2300"]
[PlyCount "71"]
[EventDate "1998.08.15"]

1. e4 e6 2. d4 d5 3. Nd2 c5 4. exd5 Qxd5 5. Ngf3 cxd4 6. Bc4 Qd8 7. O-O a6 8.
a4 Nc6 9. Nb3 Bd6 10. Nbxd4 Nge7 11. Nxc6 Nxc6 12. Ng5 h6 13. Qh5 O-O 14. Ne4
Be5 15. Rd1 Qc7 16. Ra3 f5 17. Ng3 Kh7 18. Nf1 Bd7 19. Rh3 Be8 20. Qe2 Nd4 21.
Rxd4 Bxd4 22. c3 Bf6 23. Bxe6 Bd7 24. Bb3 Be5 25. f4 Bd6 26. Be3 Rae8 27. Qf2
Bc6 28. Bb6 Qb8 29. Ba7 Qc7 30. Bb6 Qb8 31. Ba7 Qc8 32. Bd4 Re7 33. Qh4 Re2 34.
Rg3 Qc7 35. Qh5 Re7 36. Qg6+ 1-0

[Event "AUT98_M-ch"]
[Site "Werfen"]
[Date "1998.08.12"]
[Round "5.7"]
[White "Raffalt, Manfred"]
[Black "Hoelzl, Franz"]
[Result "0-1"]
[WhiteElo "2180"]
[BlackElo "2410"]
[PlyCount "86"]
[EventDate "1998.08.15"]

1. d4 Nf6 2. c4 e6 3. g3 d5 4. Bg2 dxc4 5. Qa4+ Nbd7 6. Nf3 c5 7. dxc5 Bxc5 8.
O-O O-O 9. Qxc4 a6 10. b4 Be7 11. Bb2 b5 12. Qb3 Bb7 13. Nc3 Qb6 14. Ne1 Rfc8
15. a3 Ne5 16. Nd5 Bxd5 17. Bxd5 Nxd5 18. Bxe5 Rc4 19. Qf3 Qc6 20. Kg2 Rc8 21.
Rd1 Nb6 22. Rd3 f6 23. Bd4 Na4 24. Qxc6 R8xc6 25. Be3 Kf7 26. Nf3 e5 27. Nd2
Rc3 28. Ne4 Rxd3 29. exd3 f5 30. Nc5 Nxc5 31. bxc5 Ke6 32. d4 exd4 33. Bxd4
Bxc5 34. Re1+ Kd7 35. Bxg7 Bxa3 36. Re5 Bb2 37. Rxf5 Bxg7 38. Rf7+ Kc8 39. Rxg7
b4 40. Rg8+ Kb7 41. Rg7+ Kb6 42. Rxh7 b3 43. Rh8 Kb5 0-1

[Event "AUT98_M-ch"]
[Site "Werfen"]
[Date "1998.08.12"]
[Round "5.8"]
[White "Kummer, Helmut"]
[Black "Postl, Anton"]
[Result "1-0"]
[WhiteElo "2315"]
[BlackElo "2295"]
[PlyCount "64"]
[EventDate "1998.08.15"]

1. d4 Nf6 2. c4 g6 3. Nc3 Bg7 4. e4 d6 5. Be2 O-O 6. Bg5 Na6 7. Nf3 h6 8. Be3
Ng4 9. Bc1 e5 10. O-O Qe8 11. h3 Nf6 12. Re1 exd4 13. Nd5 Qd8 14. Nxd4 Nxe4 15.
Bf3 Nf6 16. Ne7+ Kh7 17. Ndc6 bxc6 18. Nxc6 Qd7 19. Re7 Qf5 20. Nd4 Qc5 21.
Bxa8 d5 22. Re1 Qxc4 23. b3 Qc3 24. Ba3 c5 25. Nc6 Ne4 26. Qxd5 Qc2 27. Qxe4
Qxe4 28. Rxe4 Bxa1 29. Re7 Be6 30. Rxa7 Nc7 31. Bb7 Re8 32. Bxc5 Bd5 1-0

[Event "AUT98_M-ch"]
[Site "Werfen"]
[Date "1998.08.12"]
[Round "5.9"]
[White "Duer, Werner"]
[Black "Roth, Peter"]
[Result "1-0"]
[WhiteElo "2310"]
[BlackElo "2275"]
[PlyCount "95"]
[EventDate "1998.08.15"]

1. d4 e6 2. Nf3 c5 3. e3 b6 4. c4 Bb7 5. Nc3 Nf6 6. d5 d6 7. e4 e5 8. Be2 Be7
9. O-O Nbd7 10. Ne1 O-O 11. Nd3 Ne8 12. g3 a6 13. a4 g6 14. Bh6 Ng7 15. f4 exf4
16. gxf4 Bf6 17. Bf3 Re8 18. Kh1 Ra7 19. Qd2 Ba8 20. Nf2 Bd4 21. Bg5 f6 22. Bh4
Be3 23. Qxe3 Nf5 24. Qd3 Nxh4 25. Bg4 Nf8 26. Rg1 Rg7 27. Qh3 g5 28. Bh5 Nhg6
29. Bxg6 Nxg6 30. fxg5 fxg5 31. Ng4 Bb7 32. Nh6+ Kh8 33. Nf5 Bc8 34. Qh6 Bxf5
35. exf5 Ne5 36. Raf1 Nf7 37. Qh5 Qf6 38. Rg4 Re5 39. Ne4 Qh6 40. Ng3 Kg8 41.
Re4 Qxh5 42. Nxh5 Rxe4 43. Nf6+ Kf8 44. Nxe4 Ke8 45. a5 bxa5 46. Ra1 Ne5 47. b3
Ra7 48. Nxd6+ 1-0

[Event "AUT98_M-ch"]
[Site "Werfen"]
[Date "1998.08.12"]
[Round "5.10"]
[White "Genser, Harald"]
[Black "Wittmann, Walter "]
[Result "1/2-1/2"]
[WhiteElo "2155"]
[BlackElo "2380"]
[PlyCount "55"]
[EventDate "1998.08.15"]

1. e4 c5 2. Nf3 d6 3. d4 cxd4 4. Nxd4 Nf6 5. Nc3 Nc6 6. Bc4 Bd7 7. Bb3 g6 8. f3
Nxd4 9. Qxd4 Bg7 10. Be3 O-O 11. Qd2 b5 12. Bd4 a5 13. Nd5 Nxd5 14. Bxd5 Rc8
15. Bxg7 Kxg7 16. c3 Qb6 17. Rd1 Rc7 18. Qd4+ Qxd4 19. Rxd4 Kf6 20. a3 Rb8 21.
Kd2 h5 22. Bb3 Rb6 23. f4 e6 24. Re1 Ke7 25. e5 Rc5 26. g3 dxe5 27. fxe5 Bc6
28. Ba2 1/2-1/2

[Event "AUT98_M-ch"]
[Site "Werfen"]
[Date "1998.08.12"]
[Round "5.11"]
[White "Freitag, Manfred"]
[Black "Grabher, Heinz"]
[Result "1-0"]
[WhiteElo "2400"]
[BlackElo "2285"]
[PlyCount "59"]
[EventDate "1998.08.15"]

1. c4 Nc6 2. Nc3 e5 3. g3 Nf6 4. Bg2 Bb4 5. Nd5 Bc5 6. e3 O-O 7. Ne2 Nxd5 8.
cxd5 Nb4 9. d4 exd4 10. exd4 Be7 11. a3 Na6 12. O-O d6 13. Nf4 Bd7 14. Be3 c6
15. b4 Rc8 16. Rc1 Re8 17. dxc6 bxc6 18. Qa4 Qb6 19. d5 Qb5 20. Qxb5 cxb5 21.
Bxa7 Bf6 22. Be3 Bb2 23. Rxc8 Bxc8 24. Rb1 Bxa3 25. Nd3 Bf5 26. Rb3 Bxd3 27.
Rxa3 Nxb4 28. Bd2 Rc8 29. h4 Nxd5 30. Rxd3 1-0

[Event "AUT98_M-ch"]
[Site "Werfen"]
[Date "1998.08.12"]
[Round "5.12"]
[White "Herndl, Harald "]
[Black "Sulyok, Michael"]
[Result "1-0"]
[WhiteElo "2375"]
[BlackElo "2270"]
[PlyCount "119"]
[EventDate "1998.08.15"]

1. d4 g6 2. c4 Bg7 3. Nc3 d6 4. e4 Nc6 5. Be3 e5 6. Nge2 Nh6 7. f3 f5 8. dxe5
Nxe5 9. Nd4 O-O 10. Qd2 fxe4 11. Bg5 e3 12. Qxe3 Qe8 13. Nd5 Nc6 14. Nb5 Qxe3+
15. Nxe3 Nf5 16. Nxc7 Bxb2 17. Rb1 Bc3+ 18. Kf2 Rb8 19. Nb5 Be5 20. Bd3 a6 21.
Nc7 Bd4 22. Rbd1 Kg7 23. Bf4 Bd7 24. Rhe1 Bxe3+ 25. Bxe3 Nxe3 26. Rxe3 Ne5 27.
Kg3 Rbc8 28. Nd5 Ba4 29. Rb1 Nxd3 30. Rxd3 Rxc4 31. Rxb7+ Rf7 32. Rxf7+ Kxf7
33. Nb6 Rb4 34. Rxd6 Bb5 35. Rd2 Bc6 36. Nc8 Ra4 37. Rc2 Bb5 38. Nb6 Ra3 39.
Rc7+ Kg8 40. Nd5 Rxa2 41. Nf6+ Kf8 42. Nxh7+ Ke8 43. Nf6+ Kd8 44. Rc1 a5 45.
Nd5 Bd7 46. Rd1 Rb2 47. Nf6 Rb7 48. Kf4 a4 49. Kg5 a3 50. Ra1 Rb2 51. g4 a2 52.
Nxd7 Kxd7 53. h4 Rb5+ 54. Kxg6 Ra5 55. h5 Ke8 56. Kg7 Rg5+ 57. Kf6 Ra5 58. h6
Kf8 59. g5 Ra6+ 60. Kf5 1-0

[Event "AUT98_M-ch"]
[Site "Werfen"]
[Date "1998.08.12"]
[Round "5.13"]
[White "Moser, Guenter "]
[Black "Gerhold, Michael"]
[Result "1-0"]
[WhiteElo "2355"]
[BlackElo "2265"]
[PlyCount "107"]
[EventDate "1998.08.15"]

1. d4 Nf6 2. Bg5 Ne4 3. Bf4 e6 4. Nd2 f5 5. Nxe4 fxe4 6. e3 d6 7. f3 exf3 8.
Nxf3 Nd7 9. Bc4 Nf6 10. O-O Bd7 11. c3 Qe7 12. Qc2 O-O-O 13. e4 e5 14. dxe5
dxe5 15. Be3 Bc6 16. Ng5 Re8 17. b4 h6 18. b5 Bd7 19. Nf7 Ng4 20. Bxa7 Qa3 21.
Nxh8 Qxa7+ 22. Kh1 Bc5 23. Nf7 Nf2+ 24. Rxf2 Bxf2 25. Rf1 Be3 26. Qe2 Qc5 27.
a4 h5 28. h3 Bf4 29. Bd5 Qxc3 30. b6 cxb6 31. Nd6+ Kb8 32. Nxe8 Qg3 33. Rxf4
exf4 34. Nd6 f3 35. Qxf3 Qxd6 36. Qxh5 Qg3 37. Qd1 Bc8 38. Qg1 Qa3 39. Qxb6
Qa1+ 40. Kh2 Qxa4 41. Qd6+ Ka7 42. Qc7 Qd7 43. Qe5 b5 44. Kg3 Kb6 45. Qd4+ Ka5
46. Qc5 Ka6 47. e5 Bb7 48. Qd6+ Qxd6 49. exd6 Bc8 50. Bc6 Kb6 51. d7 Bxd7 52.
Bxd7 b4 53. Be6 Kc5 54. Kf4 1-0

[Event "AUT98_M-ch"]
[Site "Werfen"]
[Date "1998.08.12"]
[Round "5.14"]
[White "Hansen, Kay "]
[Black "Titz, Heimo"]
[Result "1-0"]
[WhiteElo "2120"]
[BlackElo "2310"]
[PlyCount "81"]
[EventDate "1998.08.15"]

1. d4 Nf6 2. Bg5 Ne4 3. Bh4 d5 4. e3 c6 5. Nf3 Bf5 6. Nbd2 Qb6 7. Qc1 Nd7 8.
Nxe4 Bxe4 9. Be2 e6 10. O-O Bd6 11. c4 c5 12. dxc5 Nxc5 13. Nd2 Bg6 14. cxd5
exd5 15. Bf3 O-O 16. Bxd5 Bxh2+ 17. Kh1 Nd3 18. Qc3 Be5 19. Nc4 Bxc3 20. Nxb6
Bxb2 21. Nxa8 Bxa1 22. Rxa1 Rxa8 23. Bxb7 Rb8 24. Bd5 Rb4 25. Bg3 h5 26. a3 Rb2
27. Kg1 a5 28. Rd1 a4 29. e4 Nc5 30. Rd4 Rb1+ 31. Kh2 Nb3 32. Rxa4 Nd2 33. Bf4
Nf1+ 34. Kh3 Kh7 35. g4 hxg4+ 36. Kxg4 f6 37. Ra8 Ne3+ 38. Bxe3 Rg1+ 39. Kh4
Rh1+ 40. Kg3 Bh5 41. Kg2 1-0

[Event "AUT98_M-ch"]
[Site "Werfen"]
[Date "1998.08.12"]
[Round "5.15"]
[White "Neubauer, Martin "]
[Black "Hiermann, Dietmar"]
[Result "1/2-1/2"]
[WhiteElo "2305"]
[BlackElo "2205"]
[PlyCount "95"]
[EventDate "1998.08.15"]

1. e4 d5 2. exd5 Qxd5 3. Nc3 Qa5 4. Nf3 Nf6 5. Bc4 Bf5 6. O-O e6 7. h3 Nbd7 8.
Qe2 c6 9. d3 Bd6 10. Re1 O-O 11. Nh4 h6 12. Nxf5 Qxf5 13. Ne4 Bc7 14. Bd2 Nxe4
15. Qxe4 Qxe4 16. dxe4 Be5 17. c3 Rfd8 18. Be3 Bc7 19. Re2 Bb6 20. Bf4 e5 21.
Bg3 Kf8 22. Kf1 Ke7 23. Ke1 f6 24. Kd2 Nc5+ 25. Kc2 Rd7 26. f4 exf4 27. Bxf4
Ne6 28. Bh2 Bc7 29. e5 f5 30. Rf1 Rf8 31. Ref2 b5 32. Bb3 a5 33. g4 fxg4 34.
Rxf8 Nxf8 35. hxg4 Ne6 36. a4 Rd8 37. Bg3 Rf8 38. Rf5 Nc5 39. axb5 Nxb3 40.
Kxb3 cxb5 41. Rxf8 Kxf8 42. c4 bxc4+ 43. Kxc4 g6 44. Kd5 Ke8 45. Ke6 Bd8 46.
Bf4 h5 47. gxh5 gxh5 48. b3 1/2-1/2

[Event "AUT98_M-ch"]
[Site "Werfen"]
[Date "1998.08.12"]
[Round "5.16"]
[White "Hinteregger, Arthur"]
[Black "Rolletschek, Heinrich "]
[Result "0-1"]
[WhiteElo "2160"]
[BlackElo "2300"]
[PlyCount "98"]
[EventDate "1998.08.15"]

1. e4 e5 2. Nf3 Nc6 3. Nc3 Nf6 4. g3 Bc5 5. Bg2 d6 6. O-O O-O 7. d3 Bb6 8. Be3
h6 9. Bxb6 axb6 10. Qd2 Bg4 11. Nh4 Nd4 12. f3 Be6 13. Ne2 Nxe2+ 14. Qxe2 d5
15. Rfd1 Qd6 16. d4 dxe4 17. fxe4 Ra4 18. Nf3 Bg4 19. c3 Qe7 20. b3 Ra3 21. h3
Bxf3 22. Bxf3 Re8 23. Qb2 Rea8 24. Qc2 c5 25. d5 Ne8 26. Kh2 Nd6 27. Rf1 b5 28.
Rf2 b4 29. c4 Qg5 30. Re2 b5 31. cxb5 Nxb5 32. Qxc5 Nd4 33. Rf2 Qe3 34. Kg2 Qc3
35. Rc1 Qxc5 36. Rxc5 Rxa2 37. Bd1 Ra1 38. Bc2 Rc1 39. d6 Rd8 40. Rc7 Rxd6 41.
Rc8+ Kh7 42. Rc4 f6 43. Bd3 Nxb3 44. Rxc1 Nxc1 45. Bc4 Nd3 46. Ra2 Nc5 47. Bd5
b3 48. Ra5 b2 49. Rb5 Na4 0-1

[Event "AUT98_M-ch"]
[Site "Werfen"]
[Date "1998.08.12"]
[Round "5.17"]
[White "Posch, Werner"]
[Black "Rogetzer, Klaus"]
[Result "1-0"]
[WhiteElo "2295"]
[BlackElo "2210"]
[PlyCount "71"]
[EventDate "1998.08.15"]

1. e4 c6 2. d4 d5 3. Nd2 dxe4 4. Nxe4 Bf5 5. Ng3 Bg6 6. h4 h6 7. Nf3 Nd7 8. h5
Bh7 9. Bd3 Bxd3 10. Qxd3 Qc7 11. Bd2 e6 12. O-O-O O-O-O 13. Ne4 Ngf6 14. g3
Nxe4 15. Qxe4 Bd6 16. c4 c5 17. d5 exd5 18. cxd5 Rhe8 19. Qf5 Kb8 20. Rhe1 Ne5
21. Bc3 g6 22. Qe4 Nxf3 23. Qxf3 b5 24. Bf6 Rxe1 25. Rxe1 Qa5 26. Re3 Rc8 27.
Qe2 c4 28. Re8 Bc7 29. Rxc8+ Kxc8 30. Qe8+ Kb7 31. d6 Bxd6 32. Qxf7+ Kc6 33.
Qe8+ Kd5 34. hxg6 Qxa2 35. Qxb5+ Ke6 36. g7 1-0

[Event "AUT98_M-ch"]
[Site "Werfen"]
[Date "1998.08.12"]
[Round "5.18"]
[White "Petschar, Kurt"]
[Black "Buerger, Thomas "]
[Result "1-0"]
[WhiteElo "2260"]
[BlackElo "2159"]
[PlyCount "61"]
[EventDate "1998.08.15"]

1. e4 c5 2. Nf3 Nc6 3. d4 cxd4 4. Nxd4 Nf6 5. Nc3 e5 6. Ndb5 d6 7. Bg5 a6 8.
Na3 b5 9. Bxf6 gxf6 10. Nd5 Be7 11. c3 f5 12. Bd3 Be6 13. Nc2 Bg5 14. Qh5 f4
15. a4 b4 16. Ncxb4 Nxb4 17. Nxb4 O-O 18. Bxa6 f5 19. Bb7 Rb8 20. Nc6 Qf6 21.
Nxb8 Rxb8 22. Bd5 Bxd5 23. exd5 f3 24. Qxf3 Rxb2 25. O-O e4 26. Qg3 f4 27. Qg4
h5 28. Qxh5 f3 29. Qe8+ Kg7 30. Qxe4 fxg2 31. Qxg2 1-0